Double Trouble Countries 4 - Statistics

General Stats
  • This quiz has been taken 274 times
  • The average score is 37 of 40
Answer Stats
Hint Answer % Correct
6) Romaica / Jamania Jamaica
99%
Romania
99%
Georgia
98%
2) Morgia / Geoldova Moldova
98%
Hungary
97%
Dominica
96%
Kiribati
96%
4) Veniaba / Slohrain Bahrain
95%
5) Tanqa / Tarbhu Bhutan
95%
Qatar
95%
Slovenia
95%
Armenia
94%
10) Huncan / Adagary Canada
94%
1) Rosibati / Kircomo Comoros
94%
Poland
94%
Uruguay
94%
7) Panta / Jamal Japan
93%
8) Giumenia / Armbel Belgium
92%
12) Sovobu / Korundi Burundi
92%
15) Biapol / Colomand Colombia
92%
Honduras
92%
Malta
92%
9) Dominewz / Nicaealand New Zealand
92%
Kosovo
91%
14) Nameguay / Urusuri Suriname
91%
Tunisia
91%
11) Tuntu / Valuisia Tuvalu
91%
Vanuatu
91%
Maldives
90%
13) Atumace / Vanudonia Macedonia
89%
17) Niaduras / Honesto Estonia
87%
3) Greives / Nadamald Grenada
87%
19) Toru / Penga Tonga
87%
Guyana
86%
Ireland
86%
Peru
86%
20) Porland / Tugalire Portugal
86%
18) Biaguy / Anaser Serbia
86%
Turkmenistan
86%
16) Lankaturk / Menistansri Sri Lanka
84%
No matching quizzes found
Score Distribution
Percent of People with Each Score
Percentile by Number Answered
Your Score History
You have not taken this quiz